000 00840nam a2200229Ia 4500
005 20241129110210.0
008 241129s9999||||xx |||||||||||||| ||und||
020 _a978-93-90921-42-3
037 _aTB
040 _aARTS
_bhin
_cARTS
041 _ahin
_2hin
084 _azG 152L0
_qARTS
100 _aगोडसे, गोपाल, ले.
245 0 _aगांधी वध और मैं: संशोधित एवं परिवर्धित संस्करण
_cगोडसे, गोपाल, ले.
250 _aचालीसवां
260 _aदिल्ली, भारत
_bसूर्य हिन्दी प्रकाशन
_c2023
300 _a327पृ0
365 _aINR
_b225
650 _aGeneraliaGandhism
_9727457
942 _cTB
_hzG 152L0
999 _c1227691
_d1227691